Inuit language in southern Labrador from 1694-1785 / La langue inuit au Sud du Labrador de 1964 à 1785 /
Word and affix-lists, as well as grammatical observations, collected from texts written during 1694-1785.
| Autor principal: | |
|---|---|
| Autor Corporativo: | |
| Formato: | Electrónico eBook |
| Idioma: | Inglés Francés |
| Publicado: |
Ottawa :
National Museums of Canada,
1980.
|
| Colección: | Book collections on Project MUSE.
|
| Temas: | |
| Acceso en línea: | Texto completo |
MARC
| LEADER | 00000cam a22000004a 4500 | ||
|---|---|---|---|
| 001 | musev2_65536 | ||
| 003 | MdBmJHUP | ||
| 005 | 20230905050739.0 | ||
| 006 | m o d | ||
| 007 | cr||||||||nn|n | ||
| 008 | 100407s1980 onc o 00 0 eng d | ||
| 010 | |z 81131893 | ||
| 020 | |a 9781772822281 | ||
| 020 | |z 1772822280 | ||
| 035 | |a (OCoLC)1132227117 | ||
| 040 | |a MdBmJHUP |c MdBmJHUP | ||
| 041 | 0 | |a eng |a fre | |
| 100 | 1 | |a Dorais, Louis-Jacques, |d 1945- | |
| 245 | 1 | 4 | |a Inuit language in southern Labrador from 1694-1785 / La langue inuit au Sud du Labrador de 1964 à 1785 / |c Louis-Jacques Dorais. |
| 264 | 1 | |a Ottawa : |b National Museums of Canada, |c 1980. | |
| 264 | 3 | |a Baltimore, Md. : |b Project MUSE, |c 2020 | |
| 264 | 4 | |c ©1980. | |
| 300 | |a 1 online resource (62 pages): |b illustrations. | ||
| 336 | |a text |b txt |2 rdacontent | ||
| 337 | |a computer |b c |2 rdamedia | ||
| 338 | |a online resource |b cr |2 rdacarrier | ||
| 490 | 0 | |a Paper / Canadian Ethnology Service ; |v no. 66= |a Dossier / Le Service canadien d'ethnologie, |x 0316-1862 ; |v no. 66 | |
| 490 | 0 | |a Mercury series / National Museum of Man = |a Collection Mercure / Musee National de l'homme, |x 0316-1854 | |
| 520 | |a Word and affix-lists, as well as grammatical observations, collected from texts written during 1694-1785. | ||
| 588 | |a Description based on print version record. | ||
| 650 | 7 | |a Inuktitut dialect. |2 fast |0 (OCoLC)fst00977942 | |
| 650 | 0 | |a Inuktitut dialect |z Newfoundland and Labrador |x History. | |
| 651 | 7 | |a Newfoundland and Labrador. |2 fast |0 (OCoLC)fst01296050 | |
| 655 | 7 | |a History. |2 fast |0 (OCoLC)fst01411628 | |
| 655 | 7 | |a Electronic books. |2 local | |
| 700 | 1 | |a Dorais, Louis-Jacques, |d 1945- |t Langue inuit au sud du Labrador de 1694 a 1785. | |
| 710 | 2 | |a National Museums of Canada. | |
| 740 | 0 | |a Langue inuit au sud du Labrador de 1694 a 1785. | |
| 710 | 2 | |a Project Muse. |e distributor | |
| 830 | 0 | |a Book collections on Project MUSE. | |
| 856 | 4 | 0 | |z Texto completo |u https://projectmuse.uam.elogim.com/book/65536/ |
| 945 | |a Project MUSE - Custom Collection | ||
| 945 | |a Project MUSE - Archive Complete Supplement VIII | ||
| 945 | |a Project MUSE - Archive Language and Linguistics Supplement VII | ||
| 945 | |a Project MUSE - Archive Native American and Indigenous Studies Supplement VII | ||


